000 00332nam a22001337a 4500
020 _a9788120336494
040 _cNust
082 _a006.3
_bMIS
100 _aR.B. Mishra
_9124390
245 _aArtificial Intelligence
260 _aNew Delhi:
_bPHI Learning Pvt Ltd,
_c2011.
650 _aArtificial Intelligence
942 _2ddc
_cBK
999 _c610265
_d610265